The Politics of Psychoanalysis. (Record no. 69)

MARC details
000 -LEADER
fixed length control field 00363nam a22001217a 4500
005 - DATE AND TIME OF LATEST TRANSACTION
control field 20200811153908.0
008 - FIXED-LENGTH DATA ELEMENTS--GENERAL INFORMATION
fixed length control field 200807b ||||| |||| 00| 0 eng d
020 ## - INTERNATIONAL STANDARD BOOK NUMBER
International Standard Book Number 0333396138
040 ## - CATALOGING SOURCE
Transcribing agency CML
245 ## - TITLE STATEMENT
Title The Politics of Psychoanalysis.
Statement of responsibility, etc. Frosh, S.
260 ## - PUBLICATION, DISTRIBUTION, ETC.
Place of publication, distribution, etc. London
Name of publisher, distributor, etc. MacMillan Education Ltd
Date of publication, distribution, etc. 1987
942 ## - ADDED ENTRY ELEMENTS (KOHA)
Source of classification or shelving scheme Dewey Decimal Classification
Koha item type Books
Edition 1st Edition
Classification part 150.195
Call number suffix FRO
Holdings
Withdrawn status Lost status Source of classification or shelving scheme Damaged status Not for loan Collection code Home library Current library Shelving location Date acquired Total Checkouts Full call number Date last seen Price effective from Koha item type
    Dewey Decimal Classification     Philosophy & Psychology Chalimbana Main Library Chalimbana Main Library Philosophy & Psychology 08/07/2020   150.197 08/07/2020 08/07/2020 Books

Powered by Koha